| 000 | 00511nam a22001577a 4500 | ||
|---|---|---|---|
| 003 | NUST | ||
| 082 | _a200 | ||
| 100 |
_aAziz, Muhammad Imran _9123032 |
||
| 245 |
_aDEEP LEARNING BASED MALICIOUS TRAFFIC DETECTING IN IOT NETWORK / _cMuhammad Imran Aziz |
||
| 264 |
_aIslamabad, _bSEECS NUST; _c2024. |
||
| 300 |
_a91,p; _bill; _c30,cm; |
||
| 650 |
_aMS-Computer Science _926780 |
||
| 700 | _aSupervisor:Dr. Muhammad Zeeshan | ||
| 856 | _u http://10.250.8.41:8080/xmlui/handle/123456789/43243 | ||
| 942 |
_2ddc _cTHE |
||
| 999 |
_c609362 _d609362 |
||